• 首页
  • 本馆介绍
  • 公告通知
  • 最新文献
  • 馆藏检索
  • 电子资源
  • 读者导购
  • 参考咨询
  • 我的图书馆
  • 登录
  • 详细信息显示
  • 放入我的书架
  • 预约/预借图书
  • 作者相关作品
  • 分类相关作品
  • 丛书相关作品
  • 出版社相关作品

书目信息

  • 表格格式
  • 工作单格式
  • 卡片格式
题名:
书法大成
    
 
作者: 平衡 编
分册:  
出版信息: 上海   上海书店出版社  2021
页数: 1册
开本: 21cm
丛书名:
单 册:
中图分类: J292.27 , J292.2
科图分类:
主题词: 汉字--法书--作品集--中国--近现代
电子资源:
ISBN: 978-7-5458-1986-1
000 00635nam0 2200229 450
001 2173664292
005 20211116202756.75
010    @a978-7-5458-1986-1@dCNY68.00
100    @a20210204d2021 em y0chiy50 ea
101 0  @achi
102    @aCN@b310000
105    @ay z 000yy
200 1  @a书法大成@9shu fa da cheng@e平衡编集@f平衡编
210    @a上海@c上海书店出版社@d2021
215    @a1册@d21cm
517 1  @a平衡编集@9ping heng bian ji
606 0  @a汉字@x法书@x作品集@y中国@z近现代
690    @aJ292.27@v5
690    @aJ292.2@v4
701  0 @a平衡@9ping heng@4编
801  0 @aCN@b山东中教@c20211112
905    @aZUCC@dJ292.2@e3
    
    书法大成:平衡编集/平衡编.-上海:上海书店出版社,2021
    1册;21cm
    
    
    ISBN 978-7-5458-1986-1:CNY68.00
    
●
相关链接 在五车中查询图书 在当当中查询图书 在豆瓣中查询图书


正题名:书法大成     索取号:J292.2/3         预约/预借

序号 登录号 条形码 馆藏地/架位号 状态 备注
1 2000889939   2000889939   第三书库/ [索取号:J292.2/3] 在馆    
2 2000889940   2000889940   第三书库/ [索取号:J292.2/3] 在馆    
3 2000889941   2000889941   第三书库/ [索取号:J292.2/3] 在馆    
山东省滨州职业学院图书馆 欢迎您!
大连网信软件有限公司© 版权所有